000 00238nam a2200085Ia 4500
245 0 _aA little taste of - Italy
100 _a BRAIMBRIDGE, Sophie Sydney, NSW, 2003
_995685
942 _cBK
008 210817s9999 xx 000 0 und d
999 _c399083
_d399082